Statistics for Turkish soccer players scoring during the UEFA Euro

Click here to take the quiz!

General Stats

  • This quiz has been taken 75 times
    (69 since last reset)
  • The average score is 5 of 9

Answer Stats

GoalsYear(s)Player% Correct
12016Burak Yılmaz
82%
22000Hakan Şükür
75%
22008Arda Turan
72%
22008Nihat Kahveci
66%
32008Semih Şentürk
62%
12021İrfan Kahveci
51%
12016Ozan Tufan
34%
12008Uğur Boral
20%
12000Okan Buruk
11%

Score Distribution

Percentile by Number Answered

Percent of People with Each Score

Your Score History

You have not taken this quiz since the last reset